000 02045nam a22002537a 4500
003 URS
005 20230725111233.0
008 190710b ||||| |||| 00| 0 eng d
020 _a9789712719622
040 _bEnglish
_cURS
_erda
050 0 0 _aHF5387
_b.M45 2007
100 _aMaximiano, Jose Mario B.,
_eauthor.
_95607
245 _aBusiness ethics and corporate social responsibility /
_cJose Mario B. Maximiano.
260 _aPasig City :
_bAnvil Publishing,
_c©2007.
300 _axxvi, 232 pages ;
_c23 cm.
336 _btxt
_atext
_2rdacontent
337 _aunmediated
_bn
_2rdamedia
338 _avolume
_bnc
_2rdacarrier
504 _aIncludes bibliographical references.
505 _aPart One Business Ethics and Corporate Social Responsibility: Business ethics as foundation of CSR -- Business ethics and CSR compared -- Ethical management of profit -- Business ethics is not utilitarianism -- Business ethics is not relativism -- Business ethics is beyond legal compliance -- Part Two Moral Theories and Principles: Human dignity in the priority of labor over capital -- Respect for fundamental human rights -- Respect for basic employee rights -- Social justice -- Social dimension of private property -- Option for the bottom of the pyramid -- Earth responsibility and sustainable development -- Part Three Applications to the Various Stakeholders of Business: Good working condition: basic employee right -- Equal employment opportunities and affirmative action -- Against contractualilzation -- Anti-sexual harassment -- Challenging child labor -- Deceptive practices -- Consumer protection -- Ethics in advertising and marketing -- Challenging market dominance and price-fixing scheme -- Fighting the cartel -- Upholding intellectual property rights -- Stopping bribery and extortion -- Fighting fraud and other white-collar crimes -- Corporate duty to pay correct taxes -- Business concerns -- Best practices.
650 0 _aBusiness ethics
_91410
650 0 _aSocial responsibility of business.
_95608
942 _2lcc
_cF
999 _c10596
_d10596